स्वास्थ्य विज्ञान / (Record no. 118494)

MARC details
000 -LEADER
fixed length control field 01047nam a22002537a 4500
005 - DATE AND TIME OF LATEST TRANSACTION
control field 20170124103115.0
010 ## - LIBRARY OF CONGRESS CONTROL NUMBER
LC control number B-195464
020 ## - INTERNATIONAL STANDARD BOOK NUMBER
Terms of availability 00.00
International Standard Book Number 8172161506
035 ## - SYSTEM CONTROL NUMBER
System control number B-195464
037 ## - SOURCE OF ACQUISITION
Source of stock number/acquisition Cen Lib/Ret
040 ## - CATALOGING SOURCE
Original cataloging agency DPL
Language of cataloging HN
082 ## - DEWEY DECIMAL CLASSIFICATION NUMBER
Classification number 613
Item number अनिल
100 ## - MAIN ENTRY--PERSONAL NAME
Personal name अनिल कुमार
9 (RLIN) 80468
245 ## - TITLE STATEMENT
Title स्वास्थ्य विज्ञान /
Statement of responsibility, etc अनिल कुमार
246 ## - VARYING FORM OF TITLE
Title proper/short title Sawsthay vigyan /
Remainder of title by Anil Kumar
260 ## - PUBLICATION, DISTRIBUTION, ETC. (IMPRINT)
Place of publication, distribution, etc नयी दिल्ली
Name of publisher, distributor, etc फ्रेंड्स पब्लिकेशन्स
Date of publication, distribution, etc 2006
270 ## - ADDRESS
Address 101, 4787/23, अंसारी रेड, दरियागंज
City नयी दिल्ली
Postal code 110002
300 ## - PHYSICAL DESCRIPTION
Extent 210पृ.
Dimensions 21सेमी (सजिल्द)
650 ## - SUBJECT ADDED ENTRY--TOPICAL TERM
Topical term or geographic name as entry element चिकित्सा विज्ञान।
9 (RLIN) 1199
650 ## - SUBJECT ADDED ENTRY--TOPICAL TERM
Topical term or geographic name as entry element सवास्थ्य शिक्षा
9 (RLIN) 1483
650 ## - SUBJECT ADDED ENTRY--TOPICAL TERM
Topical term or geographic name as entry element Medical sciences.
9 (RLIN) 1928
650 ## - SUBJECT ADDED ENTRY--TOPICAL TERM
Topical term or geographic name as entry element Health education
9 (RLIN) 7783
942 ## - ADDED ENTRY ELEMENTS (KOHA)
Source of classification or shelving scheme Dewey Decimal Classification
Koha item type Hindi Books
Classification part 613
Call number suffix अनिल
Holdings
Withdrawn status Lost status Damaged status Not for loan Home library Current library Date acquired Source of acquisition Cost, normal purchase price Total Checkouts Full call number Barcode Date last seen Date checked out Copy number Cost, replacement price Price effective from Koha item type
        Central Library Central Library 11/09/2015 Cen Lib/Ret 0.00 5 613 अनिल B-195464 06/07/2024 22/06/2024 1 0.00 11/09/2015 Hindi Books

© Delhi Public Library
Hit Counter
free hit counter